Statistics for Artist By Song - Retro 2000-24 Meme Songs 1 (1-500)

Click here to take the quiz!

General Stats

  • This quiz has been taken 38 times
  • The average score is 269 of 500

Answer Stats

SongArtist% Correct
FridayRebecca Black
100%
Never Gonna Give You UpRick Astley
100%
Lose Yourself | Love The Way You Lie | My Name Is | +7 othersEminem
97%
Believer | It's Time | Radioactive | ThunderImagine Dragons
97%
How You Remind Me | If Today Was Your Last Day | Photograph | RockstarNickelback
97%
AfricaTOTO
97%
Hello | Rolling In The DeepAdele
93%
I Wanna Go | Oops!...I Did It Again | Till The World Ends | ToxicBritney Spears
93%
24K Magic | Grenade | It Will Rain | +5 othersBruno Mars
93%
Fuck You | Kung Fu FightingCeeLo Green
93%
Clocks | Viva La VidaColdplay
93%
Hotel CaliforniaEagles
93%
Die Young | TiK ToKKe$ha
93%
Party Rock Anthem | Sexy And I Know ItLMFAO
93%
Gangnam StylePSY
93%
Don't Stop Me Now | We Are The ChampionsQueen
93%
Disturbia | Don't Stop The Music | Love On The Brain | +7 othersRihanna
93%
Everybody (Backstreet's Back) | I Want It That WayBackstreet Boys
90%
Basket Case | Good Riddance (Time Of Your Life) | Holiday/Boulevard of Broken Dreams | +3 othersGreen Day
90%
Empire State Of MindJAY-Z
90%
Cry Me A River | Mirrors | My Love | +3 othersJustin Timberlake
90%
Crawling | Heavy | In The End | +2 othersLinkin Park
90%
All StarSmash Mouth
90%
I Knew You Were Trouble | We Are Never Ever Getting Back TogetherTaylor Swift
90%
Complicated | Girlfriend | Sk8er Boi | What The HellAvril Lavigne
87%
Crazy In Love | IrreplacableBeyonce
87%
Boom Boom Pow | I Gotta Feeling | Just Can't Get Enough | Where Is The LoveBlack Eyed Peas
87%
Forever | Hotline Bling | Jumpman | +3 othersDrake
87%
Behind These Hazel Eyes | Mr. Know It All | My Life Would Suck Without You | Since U Been GoneKelly Clarkson
87%
Hey Ya!Outkast
87%
Mr. Brightside | Somebody Told MeThe Killers
87%
Live Your LifeT.I
87%
In Da Club50 Cent
83%
Call Me Maybe | I Really Like You | Run Away With MeCarly Rae Jepsen
83%
The Final CountdownEurope
83%
Bring Me To LifeEvanescence
83%
Somebody That I Used To KnowGotye
83%
Can't Hold Us | Thrift ShopMacklemore & Ryan Lewis
83%
Cold | Daylight | Don't Wanna Know | +9 othersMaroon 5
83%
All The Right Moves | Counting StarsOneRepublic
83%
Hips Don't LieShakira
83%
Seven Nation ArmyThe White Stripes
83%
All The Small Things | I Miss Youblink-182
80%
GDFR | Good Feeling | Low | +2 othersFlo Rida
80%
Hollaback GirlGwen Stefani
80%
Gold DiggerKanye West
80%
RoyalsLorde
80%
Helena | Na Na Na | The Ghost Of You | Welcome to the Black ParadeMy Chemical Romance
80%
Fireflies | Good TimeOwl City
80%
Livin La Vida LocaRicky Martin
80%
Chandelier | Elastic HeartSia
80%
In The Night | Starboy | The HillsThe Weeknd
80%
50 Ways To Say Goodbye | Drive By | Drops Of Jupiter | +2 othersTrain
80%
Crying in the Club | HavanaCamila Cabello
77%
Pumped Up KicksFoster The People
77%
Some Nights | We Are Youngfun.
77%
Blurred LinesRobin Thicke
77%
Drop It Like It's Hot | Young, Wild & FreeSnoop Dogg
77%
DJ Got Us Fallin In Love | OMG | Yeah!Usher
77%
You're BeautifulJames Blunt
73%
All Of MeJohn Legend
73%
Blow Me (One Last Kiss) | Don't Let Me Get Me | Just Give Me A Reason | SoberP!nk
73%
Angel | It Wasn't MeShaggy
73%
Black And Yellow | We Dem BoyzWiz Khalifa
73%
Side To SideAriana Grande
70%
Smoke On The WaterDeep Purple
70%
CrazyGnarls Barkley
70%
Take Me To ChurchHozier
70%
I Know What You Did Last Summer | Mercy | Stiches | +2 othersShawn Mendes
70%
How To Save A Life | Over My Head (Cable Car) | You Found MeThe Fray
70%
Before He CheatsCarrie Underwood
67%
SandstormDarude
67%
Titanium | Without YouDavid Guetta
67%
Jumpin, Jumpin | Say My NameDestiny's Child
67%
I Need A Doctor | The Next EpisodeDr. Dre
67%
Galway GirlEd Sheeran
67%
Summertime SadnessLana Del Ray
67%
Bleeding LoveLeona Lewis
67%
Just A DreamNelly
67%
Bye Bye Bye | It's Gonna Be Me | Tearin' Up My Heart*NSYNC
67%
Chasing CarsSnow Patrol
67%
Crank ThatSoulja Boy
67%
Dirty Little Secret | Gives You Hell | Move AlongThe All-American Rejects
67%
No ScrubsTLC
67%
Bad DayDaniel Powter
63%
New RulesDua Lipa
63%
In My Head | Ridin' Solo | The Other Side | +2 othersJason Derulo
63%
Despacito (Remix)Luis Fonsi
63%
Cooler Than Me | I Took A Pill In IbizaMike Posner
63%
Feel This Moment | Give Me EverythingPitbull
63%
Break Your Heart | DynamiteTaio Cruz
63%
Closer | Don't Let Me DownThe Chainsmokers
63%
Beautiful DayU2
63%
Nothin' On You
B.O.B
60%
AirplanesB.o.B
60%
Attention | How Long | One Call Away | We Don't Talk AnymoreCharlie Puth
60%
TubthumpingChumbawamba
60%
Burn | Lights | On My MindEllie Goulding
60%
The ReasonHoobastank
60%
I'm YoursJason Mraz
60%
Sweetness | The MiddleJimmy Eat World
60%
Use SomebodyKings Of Leon
60%
I'm Like A Bird | Say It RightNelly Furtado
60%
Hey There DelilahPlain White T's
60%
Congratulations | I Fall Apart | rockstarPost Malone
60%
Tainted LoveSoft Cell
60%
Don't You Worry ChildSwedish House Mafia
60%
Blitzkrieg BopThe Ramones
60%
A Thousand MilesVanessa Carlton
60%
Say It Ain't SoWeezer
60%
Kryptonite3 Doors Down
57%
Sorry Not SorryDemi Lovato
57%
All I Do Is Win | Wild ThoughtsDJ Khaled
57%
Blue (Da Ba Dee)Eiffel 65
57%
CheerleaderOMI
57%
Cotton Eyed JoeRednex
57%
SmoothSantana
57%
Angel With A ShotgunThe Cab
57%
We're Not Gonna Take ItTwisted Sister
57%
Teenage DirtbagWheatus
57%
Disconnect | I Miss You | Rather Be | +2 othersClean Bandit
53%
I Like It | Tonight (I'm Fuckin You)Enrique Iglesias
53%
DownJay Sean
53%
Price TagJessie J
53%
Bad and BoujeeMigos
53%
One Foot | Shut Up And DanceWALK THE MOON
53%
X Gon Give It To YouDMX
50%
Stacy's MomFountains Of Wayne
50%
Gucci GangLil Pump
50%
XO Tour Llif3Lil Uzi Vert
50%
7 YearsLukas Graham
50%
RiptideVance Joy
50%
I Ran (So Far AwayA Flock Of Seagulls
47%
Feels | How Deep Is Your Love | Outside | This Is What You Came ForCalvin Harris
47%
Everytime We TouchCascada
47%
Don't Wake Me Up | With You | Yeah 3xChris Brown
47%
PandaDesiigner
47%
Mask OffFuture
47%
Cupid's Chokehold | Stereo HeartsGym Class Heroes
47%
Bad At LoveHalsey
47%
It's Everyday Bro | That Ain't On The NewsJake Paul
47%
UnwrittenNatasha Bedingfield
47%
Come Sail Away | Mr. RobotoStyx
47%
Chelsea DaggerThe Fratellis
47%
Glad You CameThe Wanted
47%
ApologizeTimbaland
47%
SailAWOLNATION
43%
Ain't No Rest For The WickedCage The Elephant
43%
Mad WorldGary Jules
43%
LocationKhalid
43%
1-800-273-8255Logic
43%
Am I WrongNico & Vinz
43%
Feel It StillPortugal. The Man
43%
Two PrincesSpin Doctors
43%
Wherever You Will GoThe Calling
43%
BreakevenThe Script
43%
RidinChamillionaire
40%
Boom ClapCharli XCX
40%
My Own Worst EnemyLit
40%
Cold Water | Lean OnMajor Lazer
40%
Jumper | Semi-Charmed LifeThird Eye Blind
40%
Animal I Have Become | RiotThree Days Grace
40%
Habits (Stay High)Tove Lo
40%
Whatya Want From MeAdam Lambert
37%
Man's Not HotBig Shaq
37%
Big Time Rush | Halfway ThereBig Time Rush
37%
LatchDisclosure
37%
Strip That DownLiam Payne
37%
Move BitchLudacris
37%
Little TalksOf Monsters and Men
37%
Dumb Love | Fire Burning | Letting Go (Dutty Love) | Me LoveSean Kingston
37%
Watch Me (Whip/Nae Nae)Silento
37%
FadedAlan Walker
33%
You Know You Like ItDJ Snake
33%
You're WelcomeDwayne Johnson
33%
Hanging By A MomentLifehouse
33%
Everybody TalksNeon Trees
33%
Dragostea Din TeiO-Zone
33%
Bohemian Rhapsody | LA Devotee | This Is GospelPanic! At The Disco
33%
The Devil Went Down To GeorgiaThe Charlie Daniels Band
33%
Ocean ManWeen
33%
Heads Will RollYeah Yeah Yeahs
33%
Dusk Till DawnZAYN
33%
Meant To BeBebe Rexha
30%
Crashed | Crawling Back | Feels Like Tonight | +6 othersDaughtry
30%
Thank YouDido
30%
Cool KidsEchosmith
30%
Only TimeEnya
30%
CruiseFlorida Georgia Line
30%
ReplayIyaz
30%
WavesMr. Probz
30%
Gone, Gone, GonePhillip Phillips
30%
If I Die YoungThe Band Perry
30%
Written In The StarsTinie Tempah
30%
Runnin' Down A DreamTom Petty and the Heartbreakers
30%
Clarity | StayZedd
30%
Say SomethingA Great Big World
27%
BroccoliDRAM
27%
It Ain't MeKygo
27%
ClassicMKTO
27%
Look At Me!XXXTentacion
27%
Mr. SaxobeatAlexandra Stan
23%
SatisfactionBenny Benassi
23%
I Don't Fuck With YouBig Sean
23%
Cupid ShuffleCupid
23%
Call On MeEric Prydz
23%
All The Way UpFat Joe
23%
Remember The NameFort Minor
23%
UnforgettableFrench Montana
23%
Runaway (U & I)Galantis
23%
I Don't Wanna Be | In Love With A Girl | Not Over You | She Sets The City On FireGavin DeGraw
23%
I Like It Like That | Tonight TonightHot Chelle Rae
23%
Let It RockKevin Rudolf
23%
Its Every Night SisRicegum
23%
Me And My Broken HeartRixton
23%
Addicted | UntitledSimple Plan
23%
The Stereotypes SongYour Favorite Martian
23%
Spooky Scary SkeletonsAndrew Gold
20%
The Fresh Prince Of Bel-AirDJ Jazzy Jeff
20%
2 PhonesKevin Gates
20%
Let You DownNF
20%
Keep Your Head UpAndy Grammer
17%
I'm An AlbatraozAronChupa
17%
RolexAyo & Teo
17%
Just A FriendBiz Markie
17%
Stereo LoveEdward Maya
17%
I Am A Gummy BearGummibar
17%
In The Name Of Love | Scared To Be LonelyMartin Garrix
17%
Do You Like Waffles?Parry Gripp
17%
Spongebob Squarepants Theme SongSpongebob Squarepants
17%
ApacheThe Sugarhill Gang
17%
We Like To PartyVengaboys
17%
My BodyYoung The Giant
17%
Too CloseAlex Clare
13%
Shooting StarsBag Raiders
13%
DenyDefault
13%
UltimateDenzel Curry
13%
PopcornHot Butter
13%
All The Way (Pop Remix) | All the Way (I Believe In Steve)Jacksepticeye
13%
679 & No DiggityJackson Breit
13%
Bingo | Hit Or MissJacob Sartorius
13%
GoldKiiara
13%
BonfireKnife Party
13%
Frolic (Curb Your Enthusiasm Theme)Luciano Michelini
13%
C'mon N' Ride It (The Train)Quad City DJs
13%
Locked AwayR. City
13%
So AliveThe Goo Goo Dolls
13%
BedRockYoung Money
13%
Juju On That BeatZay Hilfigerrr
13%
You Make Me Feel...Cobra Starship
10%
I Play Pokemon Go EverydayDj Remix Fellow
10%
100 YearsFive For Fighting
10%
Casinglue70
10%
Breathing Underwater | Firework | Solar EclipsesHollywood Principle
10%
Sad RomanceJi Pyeong Kwon
10%
All Time LowJon Bellion
10%
Fatso's ThemeKeyboard Cat
10%
Shock Me Wide AwakeLayton
10%
Back To YouLouis Tomlinson
10%
Pizza Boy USALou Monte
10%
Haven't Had EnoughMarianas Trench
10%
LiesMARINA
10%
Bitch, I'm Fabulous | Space Is CoolMarkiplier
10%
AloneMarshmello
10%
Lights Down LowMAX
10%
All The Other Players | Mine Diamonds | Welcome To My MineMcap Steve
10%
Cool PatrolNinja Sex Party
10%
AmsterdamNothing But Thieves
10%
CoCoOT Genasis
10%
Gitchee Gitchee GooPhineas and the Ferbtones
10%
Dear White People | TrumpRucka Rucka Ali
10%
Infinite PowerTheFatRat
10%
I Am A Grocery BagThey Might Be Giants
10%
Energy DrinkVirtual Riot
10%
All I WantA Day To Remember
7%
InvincibleDeaf Kev
7%
Get LowDillon Francis
7%
What We StartedDon Diablo
7%
Sick With YouGob
7%
Android PornKraddy
7%
Trololo SongMr. Trololo
7%
SomebodyNatalie La Rose
7%
Mambo ItalianoRosemary Clooney
7%
Lord Of The Dance | The Great AdventureSteven Curtis Chapman
7%
Obama Mic Drop (1999)The Gregory Brothers
7%
National Anthem Of The Soviet UnionThe Red Army Choir
7%
LegendThe Score
7%
What's New Scooby DooAngelo
3%
In The EndBlack Veil Brides
3%
Die HouseCaleb Hyles
3%
Feels GreatCheat Codes
3%
City LightsConro
3%
My HeartDifferent Heaven
3%
Don't Stop The PartyDrunk Girl
3%
HomeboundFeint
3%
The X-Files Theme (Note Block)grande1899
3%
Love Sosa (Remix)Heretic Klick
3%
Cha Cha SlideKids Dance Party
3%
5,6,7,8Kids Rock Kidz
3%
HistoryOlivia Holt
3%
Running In The 90sRichaadEB
3%
We Are Number OneSayMaxWell
3%
We Are Number OneSharaX
3%
HeyyeyaaeyaaaeyaeyaaSLACKCiRCUS
3%
Bam Bam (Bam)Snollebollekes
3%
America, Fuck Yeah | We No Speak AmericanoStudio Allstars
3%
BorderlineTove Stryke
3%
Seinfeld ThemeTV Themes
3%

Score Distribution

Percentile by Number Answered

Percent of People with Each Score

Your Score History

You have not taken this quiz